000 00257pam a2200121 a 4500
020 _c
041 _h
082 _a708
_bDAS
245 _aMaharashtra
_hTextual Documents
260 _a[s.l]:
_bVadhera Art Gallery
300 _a30:
_bpaper.
930 _a7063
999 _c240853
_d240853